Online Catalogue and eLibrary

Samajaabhiwardenaya karya praweshaya (Record no. 5086)

MARC details
000 -LEADER
fixed length control field 00408nam a2200157Ia 4500
005 - DATE AND TIME OF LATEST TRANSACTION
control field 20250626030632.0
008 - FIXED-LENGTH DATA ELEMENTS--GENERAL INFORMATION
fixed length control field 240331s9999 xx 000 0 und d
020 ## - INTERNATIONAL STANDARD BOOK NUMBER
ISBN 9552009456
082 ## - DDC Classification
Item Number - Author Mark WIJ
Class No. 360
100 ## - MAIN ENTRY--PERSONAL NAME
Personal name Wijesinghe.D
245 #0 - TITLE STATEMENT
Title Samajaabhiwardenaya karya praweshaya
260 ## - PUBLICATION, DISTRIBUTION, ETC.
Place of publication, distribution, etc. Colombo
Name of publisher, distributor, etc. S. Godage & Brothers
Date of publication, distribution, etc. 1993
300 ## - PHYSICAL DESCRIPTION
Extent (e.g. Volumes, Pages etc.) 156 p .,
500 ## - GENERAL NOTE
General note Introduction to Social Work
942 ## - Koha item type (Biblio)
Koha item type Books in Stacks (Lending)
Holdings
Lost status Damaged status Collection code Home library Current library Shelving location Date acquired Full call number Accession Number Item type
    Lending WERC Library WERC Library Social Science Cupboard 03/31/2024 360 WIJ 3116 Books in Stacks (Lending)

© WERC Library